| 000 | 00427nam a2200169Ia 4500 | ||
|---|---|---|---|
| 008 | 230718s9999 xx 000 0 und d | ||
| 041 | _aeng | ||
| 082 |
_a004.6 _bPET |
||
| 100 |
_aPeterson L.L. _9108584 |
||
| 245 | _aComputer Networks A System Approch | ||
| 250 | _a2nd ed. | ||
| 260 | _bHarcourt | ||
| 300 | _a748 | ||
| 365 |
_cRs. _b375.00 |
||
| 700 |
_aPeterson L.L. _9108584 |
||
| 906 |
_dB:66927-Dec-2001 _cCOMP _b56.25 |
||
| 999 |
_c302810 _d302810 |
||